[Event "FRA-chT U20 16 GP Basse 1213"]
[Site "France"]
[Date "2013.05.18"]
[Round "8.9"]
[White "Reboul, Lou Orphe"]
[Black "Dedenon, Quentin"]
[Result "0-1"]
[WhiteElo "1350"]
[BlackElo "1400"]
[PlyCount "148"]
[EventDate "2012.12.01"]
[EventType "team"]
[EventRounds "11"]
[EventCountry "FRA"]
[SourceTitle "EXT 2014"]
[Source "ChessBase"]
[SourceDate "2013.11.20"]
[SourceVersion "1"]
[SourceVersionDate "2013.11.20"]
[SourceQuality "1"]
[WhiteTeam "Sainte Foy (U20)"]
[BlackTeam "Tours (U20)"]
[WhiteTeamCountry "FRA"]
[BlackTeamCountry "FRA"]

1. d4 d5 2. c4 e6 3. Nc3 c5 4. cxd5 exd5 5. dxc5 d4 6. Ne4 Bf5 7. Ng3 Bg6 8. b4 a5 9. Nf3 axb4 10. Nxd4 Bxc5 11. e3 Bxd4 12. exd4 Nc6 13. Bb5 Nge7 14. 0-0 0-0 15. Be3 Ra5 16. Bxc6 bxc6 17. Qb3 Nd5 18. Rfc1 Qd6 19. Rc5 Ra3 20. Qc4 Rc3 21. Qa6 Bd3 22. Qa4 Bb5 23. Qd1 Nxe3 24. fxe3 Rxc5 25. dxc5 Qxc5 26. Qf3 Qe5 27. Rd1 h6 28. Rd4 Re8 29. Rxb4 Qxe3+ 30. Qxe3 Rxe3 31. a4 Bd3 32. Rb6 Bc2 33. Rxc6 Bxa4 34. Rc8+ Kh7 35. Kf2 Re6 36. Rc4 Rf6+ 37. Ke3 Bc6 38. Ne4 Re6 39. Kd3 Bb5 40. Nd2 Kg6 41. Kd4 Bxc4 42. Nxc4 Re2 43. Ne3 f5 44. Nd5 Kg5 45. Ne3 f4 46. Nd5 Rxg2 47. h4+ Kxh4 48. Nxf4 Rg4 49. Ke3 g5 50. Ne2 Rg3+ 51. Kf2 Ra3 52. Kg1 g4 53. Kg2 Ra2 54. Kf1 Rxe2 55. Kxe2 Kh3 56. Kf1 Kh2 57. Ke2 g3 58. Kd3 g2 59. Kd4 g1Q+ 60. Ke4 Qd1 61. Ke3 Kg3 62. Ke4 Qf1 63. Kd5 Qe2 64. Kd4 Kf4 65. Kd5 Qe5+ 66. Kc4 Qd6 67. Kc3 Ke3 68. Kb3 Qc7 69. Kb4 Kd4 70. Kb5 Qc5+ 71. Ka6 Qb4 72. Ka7 Kc5 73. Ka8 Kc6 74. Ka7 Qb7# 0-1

[Event "FRA-chT U20 GpB 1213"]
[Site "France"]
[Date "2013.01.06"]
[Round "7"]
[White "Conan, Perceval"]
[Black "Dedenon, Quentin"]
[Result "1/2-1/2"]
[WhiteElo "1260"]
[BlackElo "1400"]
[PlyCount "102"]
[EventDate "2012.12.01"]
[EventType "team"]
[EventRounds "7"]
[EventCountry "FRA"]
[SourceTitle "EXT 2014"]
[Source "ChessBase"]
[SourceDate "2013.11.20"]
[SourceVersion "1"]
[SourceVersionDate "2013.11.20"]
[SourceQuality "1"]
[WhiteTeam "Lutece (U20)"]
[BlackTeam "Tours (U20)"]
[WhiteTeamCountry "FRA"]
[BlackTeamCountry "FRA"]

1. e4 c6 2. d4 d5 3. e5 Bf5 4. Nc3 e6 5. Nf3 Bb4 6. Bd2 Nd7 7. Be2 Ne7 8. 0-0 0-0 9. a3 Bxc3 10. Bxc3 c5 11. Ng5 Ng6 12. Qd2 Bxc2 13. Nxh7 Kxh7 14. Qxc2 Rc8 15. Qd3 Rh8 16. Qf3 Kg8 17. Rad1 cxd4 18. Bxd4 Ndxe5 19. Bxe5 Nxe5 20. Qf4 Ng6 21. Qg3 Qc7 22. Qxc7 Rxc7 23. Rc1 Rxc1 24. Rxc1 Nf4 25. Bf3 Nd3 26. Rc7 Nxb2 27. Rxb7 Nc4 28. Rxa7 d4 29. Ra4 Ne5 30. Rxd4 Nxf3+ 31. gxf3 Rh5 32. Rd2 Ra5 33. Ra2 Kf8 34. Kg2 Ke7 35. Kg3 Kf6 36. h4 e5 37. a4 g6 38. f4 e4 39. Kg2 Kf5 40. Kg3 f6 41. Ra3 g5 42. hxg5 fxg5 43. fxg5 Kxg5 44. f3 Kf5 45. Kf2 Ke5 46. Ke3 exf3 47. Kxf3 Kd4 48. Ke2 Kc4 49. Rh3 Rxa4 50. Rh4+ Kb3 51. Rxa4 Kxa4 1/2-1/2

[Event "FRA-chT U20 GpB 1213"]
[Site "France"]
[Date "2012.12.02"]
[Round "3.7"]
[White "Dedenon, Quentin"]
[Black "Bassini, Emile"]
[Result "0-1"]
[WhiteElo "1400"]
[BlackElo "1476"]
[PlyCount "52"]
[EventDate "2012.12.01"]
[EventType "team"]
[EventRounds "7"]
[EventCountry "FRA"]
[SourceTitle "EXT 2014"]
[Source "ChessBase"]
[SourceDate "2013.11.20"]
[SourceVersion "1"]
[SourceVersionDate "2013.11.20"]
[SourceQuality "1"]
[WhiteTeam "Tours (U20)"]
[BlackTeam "Bois Colombes (U20)"]
[WhiteTeamCountry "FRA"]
[BlackTeamCountry "FRA"]

1. d4 Nf6 2. c4 e6 3. Nc3 Be7 4. Nf3 b6 5. Bf4 Bb7 6. e3 0-0 7. Be2 d5 8. cxd5 Nxd5 9. Be5 c5 10. 0-0 Nd7 11. Qc2 Nxe5 12. Nxe5 Nxc3 13. bxc3 Rc8 14. Qa4 a6 15. Rfd1 b5 16. Qb3 cxd4 17. Rxd4 Qc7 18. Rd7 Qxe5 19. Rxb7 Rxc3 20. Qd1 Rd8 21. Qf1 Bf6 22. Rd1 Rc2 23. Rxd8+ Bxd8 24. Rd7 Ba5 25. Ra7 Bc7 26. Rxa6 Qxh2# 0-1